000 00523nam a22001697a 4500
003 OSt
008 241023b |||||||| |||| 00| 0 eng d
020 _a9781782214779
082 _a757.4 MAE
100 _aMARTIN, Judy
245 _aEncyclopedia of Coloured Pencil Techniques: A complete step-by-step directory of key techniques, plus an inspirational gallery showing how artists use them
250 _aReprint,
260 _aLondon,
_bSearch Press,
_c2022,
300 _a176.p.
650 _aB.FAD.
942 _2ddc
_cREF
999 _c12960
_d12960